000 00710nam a2200253Ia 4500
003 OSt
005 20220912150904.0
006 a|||||r|||| 00| 0
007 ta
008 220909b |||||||| |||| 00| 0 eng d
020 _a8121000734^hbd
024 _a6324
037 _cTextual
040 _aCSL
_beng
_cCSL
041 _aeng
082 _aY73(P157).287, M6
100 _aBanerjee B G
245 0 _aSocialization: an ethnic study
260 _aNew Delhi
_b Inter-India Publications
_c1986
300 _axi,186p
500 _aGlossary 166-170p; Bibliography 171-180p; Index 181-186p
942 _hY73(P157).287, M6
_cTEXL
_2CC
999 _c56894
_d56894